| 000 | 01154nam0a22002771 4500 | ||
|---|---|---|---|
| 001 | rc\4723190 | ||
| 005 | 20260408072306.0 | ||
| 021 |
_aRU _b[61-79854] |
||
| 035 | _a(NLR Aleph) 008729890 | ||
| 090 |
_a9470624 _c9470624 |
||
| 100 | _a20130416d1961 |||y0rusy50 ca | ||
| 101 | 0 | _arus | |
| 102 | _aRU | ||
| 105 | _ay z ||||| | ||
| 200 | 1 |
_aОб итогах работы XXII съезда КПСС _e(Материал для лекций, докладов и бесед) _fОтд. пропаганды и агитации Омского обкома КПСС |
|
| 210 |
_aОмск _cБ. и. _d1961 |
||
| 215 |
_a18 с. _d29 |
||
| 333 | _aНа правах рукописи | ||
| 606 |
_aПропаганда материалов и решений 22-го съезда КПСС _2psbo |
||
| 712 | 0 | 2 |
_aКПСС _bОмский областной комитет _bОтдел пропаганды и агитации _9626704 _3RU\NLR\AUTH\8810062580 |
| 712 | 0 | 2 |
_aКПСС _bСъезд _d22 _eМосква _f1961 _9597914 _3RU\NLR\AUTH\8810048925 |
| 801 | 0 |
_aRU _bNLR _gpsbo |
|
| 801 | 1 |
_aRU _bELAR _2rusmarc |
|
| 852 |
_aNLR _j61-8/2577 |
||
| 942 | _cBOOK | ||
| 980 | _aNB | ||